000 00549nam a2200229Ia 4500
003 OSt
005 20221005132633.0
006 a|||||r|||| 00| 0
007 ta
008 221004b |||||||| |||| 00| 0 tam d
024 _a51779
037 _cTextual
040 _aCRL
_cCRL
_btam
041 _2tam
_atam
082 _aS55, 31J9
100 _aSamy Au.
245 0 _aUngal ganavarai Kavar vadhu eppadi
260 _c1959
650 _aPSYCHOLOGY
942 _hS55, 31J9
_cTEXL
_2cc
999 _c1064296
_d1064296